000 00578nam a22001937a 4500
005 20251108175146.0
008 250721s2013 xx 000 0 ara d
082 1 4 _a332.1/واد
100 1 _aالوادي، حازم محمود
245 1 0 _aمبادئ الأعمال المصرفية /
264 1 _aإربد :
_bدار الكتاب الثقافي،
_c2013.
300 _a242 ص.
650 1 7 _aالأعمال المصرفية
650 1 7 _aالبنوك
650 1 7 _aالقروض
650 1 7 _aالخدمات التجارية
942 _2ddc
_cBK
999 _c127548
_d127548